[Event "Biel HTO 56th"]
[Site "Biel"]
[Date "2023.07.21"]
[Round "5"]
[White "Ozcan, Kaan"]
[Black "Matsumura, Cocoro"]
[Result "0-1"]
[WhiteElo "2196"]
[BlackElo "2081"]
[PlyCount "160"]
[EventDate "2023.07.17"]
[EventType "swiss"]
[EventRounds "10"]
[EventCountry "SUI"]
[SourceTitle "CBM 215 Extra"]
[Source "ChessBase"]
[SourceDate "2023.09.30"]
[SourceVersion "1"]
[SourceVersionDate "2023.09.30"]
[SourceQuality "1"]

1. d4 d5 2. c4 e6 3. Nc3 Nf6 4. Bg5 dxc4 5. e3 c5 6. dxc5 Nbd7 7. Nf3 Bxc5 8. Bxc4 0-0 9. 0-0 a6 10. Be2 b5 11. Nd4 Bb7 12. Bf3 Qb8 13. Rc1 Bxf3 14. Nxf3 h6 15. Bh4 Qb7 16. Qe2 Rac8 17. Rfd1 Be7 18. h3 Rfd8 19. a3 Nb6 20. Rxd8+ Rxd8 21. e4 Nc4 22. e5 Nd5 23. Bxe7 Qxe7 24. g3 Nxc3 25. Rxc3 Qd7 26. a4 Qd1+ 27. Qxd1 Rxd1+ 28. Kg2 Rb1 29. axb5 axb5 30. b3 Nb6 31. Nd4 b4 32. Rc6 Nd5 33. Rc8+ Kh7 34. Rb8 Rb2 35. Kf1 Kg6 36. Rb7 Rd2 37. Nc6 Rd3 38. Na5 h5 39. h4 Rc3 40. Ke2 Rc2+ 41. Kf1 Rb2 42. Kg1 f6 43. exf6 gxf6 44. Rb8 Kf5 45. Re8 e5 46. Rg8 Nc3 47. g4+ hxg4 48. Nc4 Rb1+ 49. Kh2 Nd1 50. h5 Rxb3 51. Nd6+ Ke6 52. Rxg4 Nxf2 53. Rh4 Ra3 54. Nb5 Rh3+ 55. Rxh3 Nxh3 56. Kxh3 b3 57. Kg4 b2 58. Nc3 f5+ 59. Kf3 Kf7 60. Ke2 f4 61. Kd3 f3 62. Ke3 e4 63. Kf2 Kg7 64. Ke3 Kh6 65. Kf2 Kxh5 66. Kg3 Kg6 67. Kf2 Kf5 68. Ke3 Ke5 69. Nb1 Kd6 70. Nd2 Kc6 71. Kf2 Kd5 72. Ke3 Ke6 73. Nb1 Kf5 74. Nc3 Kg4 75. Kf2 Kf4 76. Nd5+ Ke5 77. Nc3 Kd4 78. Nb5+ Kd3 79. Na3 Kd2 80. Nb1+ Kc1 0-1

[Event "TUR-chT 1st League"]
[Site "Konya"]
[Date "2022.08.26"]
[Round "7.5"]
[White "Ozcan, Kaan"]
[Black "Akdag, Omer Amir"]
[Result "1-0"]
[WhiteElo "2248"]
[BlackElo "1909"]
[PlyCount "91"]
[EventDate "2022.08.22"]
[EventType "team-swiss"]
[EventRounds "9"]
[EventCountry "TUR"]
[SourceTitle "CBM 209 Extra"]
[Source "ChessBase"]
[SourceDate "2022.09.30"]
[SourceVersion "1"]
[SourceVersionDate "2022.09.30"]
[SourceQuality "1"]
[WhiteTeam "Istanbul Teknik Uni"]
[BlackTeam "Samandag Altin"]
[WhiteTeamCountry "TUR"]
[BlackTeamCountry "TUR"]

1. d4 Nf6 2. c4 g6 3. Nc3 Bg7 4. Bg5 0-0 5. Nf3 d6 6. e3 c5 7. Be2 Qa5 8. 0-0 Nbd7 9. Qc2 a6 10. a3 Qc7 11. Rfd1 b6 12. d5 h6 13. Bh4 Ne5 14. Nxe5 dxe5 15. Bf3 Rb8 16. a4 g5 17. Bg3 Ne8 18. e4 Qd6 19. Qe2 Qd7 20. h3 Nd6 21. Rac1 Qe8 22. Bh5 Bd7 23. b3 Qc8 24. Kh2 Qc7 25. Bg4 Qc8 26. f3 Qc7 27. Rd2 Rfd8 28. Nd1 a5 29. Ne3 Ra8 30. Rh1 Rf8 31. Kg1 Qc8 32. Qd3 f6 33. h4 Bxg4 34. fxg4 Kf7 35. Rf2 Ke8 36. hxg5 hxg5 37. Rh7 Rg8 38. Nf5 Nxf5 39. gxf5 Qc7 40. Qf3 Kd7 41. Qh5 Rh8 42. Qg6 Rxh7 43. Qxh7 Bh8 44. Qf7 Qd8 45. d6 Kc8 46. dxe7 1-0